Bundesliga (Österreich) Top 4 - Statistiken

Allgemein
  • Dieses Quiz wurde 659 mal gespielt
  • Das Durchschnittsergebnis liegt bei 14 aus 23
Antwortstatistiken
Antwort % Korrekt
FC Red Bull Salzburg
99%
SV Austria Salzburg
99%
SV Casino Salzburg
99%
SK Rapid Wien
97%
FK Austria W.A.C.
96%
FK Austria Wien
96%
SK Sturm Graz
91%
Linzer ASK
88%
Wolfsberger AC
77%
FC Admira/Wacker
66%
FC Swarovski Tirol
54%
FC Tirol Innsbruck
54%
Grazer AK 1902
50%
First Vienna FC
46%
SCR Altach
46%
FC Admira Wacker
45%
SV Ried
45%
SV Mattersburg
36%
SV Grödig
21%
Wiener Sport-Club
20%
FC Pasching
19%
SK VÖEST Linz
18%
SpG Wattens-Wacker
11%
Keine übereinstimmenden Quizze gefunden
Verteilung der Resultate
Anzahl Personen mit jedem Resultat
Perzentil nach korrekt beantworteten Fragen
Ihre Resultats-Entwicklung
Sie haben dieses Quiz noch nicht gespielt